[Event "Blitz 2018"]
[Site "Saint-Petersburg"]
[Date "2018.12.29"]
[Round "8"]
[Board "31"]
[White "Tari Aryan (NOR)"]
[Black "Dreev Aleksey (RUS)"]
[Result "1/2-1/2"]
[LiveChessVersion "1.4.8"]
[BlackElo "2675"]
[WhiteElo "2608"]

1. e4 {[%clk 0:03:03]} c6 {[%clk 0:03:04]} 2. d4 {[%clk 0:03:03]} d5
{[%clk 0:03:05]} 3. e5 {[%clk 0:03:04]} Bf5 {[%clk 0:03:06]} 4. Nd2
{[%clk 0:03:05]} e6 {[%clk 0:03:06]} 5. Nb3 {[%clk 0:03:06]} Nd7 {[%clk 0:03:06]}
6. Nf3 {[%clk 0:03:06]} c5 {[%clk 0:03:07]} 7. dxc5 {[%clk 0:03:03]} Bxc5
{[%clk 0:03:07]} 8. Nxc5 {[%clk 0:02:59]} Qa5+ {[%clk 0:02:58]} 9. c3
{[%clk 0:02:59]} Qxc5 {[%clk 0:02:59]} 10. Nd4 {[%clk 0:02:49]} Ne7
{[%clk 0:02:51]} 11. Be3 {[%clk 0:02:49]} Qc7 {[%clk 0:02:43]} 12. f4
{[%clk 0:02:39]} a6 {[%clk 0:02:43]} 13. Be2 {[%clk 0:02:39]} Be4
{[%clk 0:02:41]} 14. O-O {[%clk 0:02:37]} O-O {[%clk 0:02:41]} 15. a4
{[%clk 0:02:33]} Rac8 {[%clk 0:02:23]} 16. a5 {[%clk 0:02:19]} Nf5
{[%clk 0:01:52]} 17. Nxf5 {[%clk 0:02:17]} Bxf5 {[%clk 0:01:53]} 18. Bd4
{[%clk 0:01:57]} Be4 {[%clk 0:01:43]} 19. b4 {[%clk 0:01:52]} Qd8
{[%clk 0:01:24]} 20. Rc1 {[%clk 0:01:46]} Qe7 {[%clk 0:01:19]} 21. Qe1
{[%clk 0:01:43]} Rc7 {[%clk 0:01:11]} 22. Qg3 {[%clk 0:01:09]} Rfc8
{[%clk 0:01:09]} 23. h4 {[%clk 0:01:03]} h6 {[%clk 0:00:55]} 24. h5
{[%clk 0:01:03]} Kh8 {[%clk 0:00:15]} 25. Rf2 {[%clk 0:01:02]} Rg8
{[%clk 0:00:13]} 26. Rcf1 {[%clk 0:00:57]} f6 {[%clk 0:00:10]} 27. exf6
{[%clk 0:00:49]} gxf6 {[%clk 0:00:10]} 28. Qe3 {[%clk 0:00:50]} Kh7
{[%clk 0:00:10]} 29. Bd3 {[%clk 0:00:47]} f5 {[%clk 0:00:11]} 30. Bxe4
{[%clk 0:00:29]} dxe4 {[%clk 0:00:12]} 31. Rd2 {[%clk 0:00:30]} Nf6
{[%clk 0:00:14]} 32. Be5 {[%clk 0:00:08]} Ng4 {[%clk 0:00:12]} 33. Qd4
{[%clk 0:00:06]} Nxe5 {[%clk 0:00:09]} 34. Qxe5 {[%clk 0:00:07]} Qf7
{[%clk 0:00:05]} 35. Rfd1 {[%clk 0:00:07]} Re7 {[%clk 0:00:07]} 36. Rd6
{[%clk 0:00:06]} Qxh5 {[%clk 0:00:06]} 37. R1d2 {[%clk 0:00:07]} Qg6
{[%clk 0:00:06]} 38. Rd7 {[%clk 0:00:07]} Reg7 {[%clk 0:00:07]} 39. Rxg7+
{[%clk 0:00:07]} Rxg7 {[%clk 0:00:08]} 40. c4 {[%clk 0:00:08]} h5
{[%clk 0:00:09]} 41. b5 {[%clk 0:00:05]} h4 {[%clk 0:00:08]} 42. Qd4
{[%clk 0:00:04]} Qg3 {[%clk 0:00:08]} 43. Qf2 {[%clk 0:00:04]} Qg4
{[%clk 0:00:08]} 44. bxa6 bxa6 45. Kh2 {[%clk 0:00:04]} e5 {[%clk 0:00:10]} 46.
fxe5 {[%clk 0:00:04]} f4 {[%clk 0:00:11]} 47. Rd6 {[%clk 0:00:05]} Qg3+
{[%clk 0:00:10]} 48. Qxg3 {[%clk 0:00:06]} hxg3+ {[%clk 0:00:11]} 49. Kg1
{[%clk 0:00:07]} Rb7 {[%clk 0:00:11]} 50. Rb6 {[%clk 0:00:09]} Rd7
{[%clk 0:00:12]} 51. Rd6 {[%clk 0:00:10]} Rb7 {[%clk 0:00:12]} 52. Rb6
{[%clk 0:00:11]} Rc7 {[%clk 0:00:13]} 53. e6 {[%clk 0:00:05]} Rxc4
{[%clk 0:00:13]} 54. Kf1 {[%clk 0:00:07]} f3 {[%clk 0:00:13]} 55. Rb1
{[%clk 0:00:06]} Rc6 {[%clk 0:00:13]} 56. gxf3 {[%clk 0:00:07]} exf3
{[%clk 0:00:14]} 57. Re1 {[%clk 0:00:09]} Rc8 {[%clk 0:00:14]} 58. e7
{[%clk 0:00:10]} Re8 {[%clk 0:00:16]} 59. Re3 {[%clk 0:00:11]} g2+
{[%clk 0:00:16]} 60. Kg1 {[%clk 0:00:11]} Kg7 {[%clk 0:00:16]} 61. Rxf3
{[%clk 0:00:10]} Rxe7 {[%clk 0:00:17]} 62. Kxg2 Re5 63. Ra3 {[%clk 0:00:11]} Rf5
{[%clk 0:00:20]} 64. Kg3 {[%clk 0:00:11]} Kh6 {[%clk 0:00:20]} 65. Kg4
{[%clk 0:00:13]} Kg6 {[%clk 0:00:21]} 66. Kg3 {[%clk 0:00:12]} Kf6
{[%clk 0:00:22]} 67. Rf3 {[%clk 0:00:09]} 1/2-1/2

[Event "Blitz 2018"]
[Site "Saint-Petersburg"]
[Date "2018.12.29"]
[Round "8"]
[Board "32"]
[White "Hovhannisyan Robert (ARM)"]
[Black "Khismatullin Denis (RUS)"]
[Result "1/2-1/2"]
[LiveChessVersion "1.4.8"]
[BlackElo "2674"]
[WhiteElo "2588"]

1. e4 {[%clk 0:03:03]} d6 {[%clk 0:03:03]} 2. d4 {[%clk 0:03:04]} Nf6
{[%clk 0:03:04]} 3. Nc3 {[%clk 0:03:05]} e5 {[%clk 0:03:05]} 4. dxe5
{[%clk 0:03:06]} dxe5 {[%clk 0:03:06]} 5. Qxd8+ {[%clk 0:03:07]} Kxd8
{[%clk 0:03:07]} 6. Nf3 {[%clk 0:03:07]} Bd6 {[%clk 0:02:58]} 7. Be3
{[%clk 0:03:08]} a6 {[%clk 0:02:56]} 8. O-O-O {[%clk 0:03:08]} Nbd7
{[%clk 0:02:57]} 9. h3 {[%clk 0:02:23]} Ke7 {[%clk 0:02:52]} 10. Nd2
{[%clk 0:02:12]} b5 {[%clk 0:01:57]} 11. f3 {[%clk 0:02:13]} Bc5 {[%clk 0:01:51]}
12. Bg5 {[%clk 0:01:51]} c6 {[%clk 0:01:46]} 13. Nb3 {[%clk 0:01:51]} Bb6
{[%clk 0:01:46]} 14. Kb1 {[%clk 0:01:35]} h6 {[%clk 0:01:39]} 15. Bc1
{[%clk 0:01:28]} Nf8 {[%clk 0:01:34]} 16. h4 {[%clk 0:01:20]} Nh5
{[%clk 0:01:26]} 17. Ne2 {[%clk 0:01:19]} Ne6 {[%clk 0:01:00]} 18. g3
{[%clk 0:01:17]} a5 {[%clk 0:00:46]} 19. a4 {[%clk 0:01:17]} bxa4
{[%clk 0:00:44]} 20. Nd2 {[%clk 0:01:18]} Ba6 {[%clk 0:00:45]} 21. g4
{[%clk 0:01:11]} Bxe2 {[%clk 0:00:43]} 22. Bxe2 {[%clk 0:01:11]} Ng3
{[%clk 0:00:43]} 23. Rh2 {[%clk 0:01:10]} Rhd8 {[%clk 0:00:22]} 24. Bd3
{[%clk 0:00:54]} Be3 {[%clk 0:00:11]} 25. Nc4 {[%clk 0:00:52]} Bf4
{[%clk 0:00:11]} 26. Rg2 {[%clk 0:00:46]} Nc5 {[%clk 0:00:09]} 27. Rdg1
{[%clk 0:00:41]} Nxd3 {[%clk 0:00:10]} 28. cxd3 {[%clk 0:00:42]} Rxd3
{[%clk 0:00:11]} 29. Rxg3 {[%clk 0:00:42]} Bxg3 {[%clk 0:00:11]} 30. Rxg3
{[%clk 0:00:43]} f6 {[%clk 0:00:12]} 31. g5 {[%clk 0:00:39]} hxg5
{[%clk 0:00:12]} 32. hxg5 {[%clk 0:00:40]} Kf7 {[%clk 0:00:10]} 33. Be3
{[%clk 0:00:27]} a3 {[%clk 0:00:08]} 34. bxa3 {[%clk 0:00:09]} Rc3
{[%clk 0:00:08]} 35. Kb2 {[%clk 0:00:10]} Rxc4 {[%clk 0:00:07]} 36. Kb3
{[%clk 0:00:12]} Rd4 {[%clk 0:00:06]} 37. Bxd4 {[%clk 0:00:13]} exd4
{[%clk 0:00:07]} 38. Kc4 {[%clk 0:00:11]} Rd8 {[%clk 0:00:05]} 39. gxf6
{[%clk 0:00:11]} d3 {[%clk 0:00:05]} 40. Rxg7+ {[%clk 0:00:11]} Kxf6
{[%clk 0:00:06]} 41. Rg1 {[%clk 0:00:11]} Ke5 {[%clk 0:00:06]} 42. Rd1
{[%clk 0:00:11]} d2 {[%clk 0:00:05]} 43. Kc3 {[%clk 0:00:12]} Rf8
{[%clk 0:00:04]} 44. Rxd2 {[%clk 0:00:06]} Rxf3+ {[%clk 0:00:05]} 45. Kc4
{[%clk 0:00:07]} Rxa3 {[%clk 0:00:06]} 46. Rh2 {[%clk 0:00:07]} Ra1
{[%clk 0:00:05]} 47. Rh5+ {[%clk 0:00:07]} Kxe4 {[%clk 0:00:05]} 48. Kc5
{[%clk 0:00:04]} Rc1+ {[%clk 0:00:05]} 49. Kb6 {[%clk 0:00:06]} a4
{[%clk 0:00:04]} 50. Rh4+ {[%clk 0:00:04]} Kd3 {[%clk 0:00:05]} 51. Rxa4
{[%clk 0:00:05]} c5 {[%clk 0:00:06]} 52. Rh4 {[%clk 0:00:04]} c4 {[%clk 0:00:07]}
53. Kc5 {[%clk 0:00:06]} c3 {[%clk 0:00:07]} 54. Rh3+ {[%clk 0:00:04]} Kc2
{[%clk 0:00:07]} 55. Kc4 {[%clk 0:00:05]} Kb2 {[%clk 0:00:08]} 56. Kb4
{[%clk 0:00:07]} c2 {[%clk 0:00:08]} 57. Rb3+ {[%clk 0:00:08]} Ka2
{[%clk 0:00:07]} 58. Ra3+ {[%clk 0:00:09]} Kb2 {[%clk 0:00:08]} 1/2-1/2

[Event "Blitz 2018"]
[Site "Saint-Petersburg"]
[Date "2018.12.29"]
[Round "8"]
[Board "33"]
[White "Grachev Boris (RUS)"]
[Black "Alekseenko Kirill (RUS)"]
[Result "0-1"]
[LiveChessVersion "1.4.8"]
[BlackElo "2665"]
[WhiteElo "2571"]

1. Nf3 {[%clk 0:03:03]} d5 {[%clk 0:03:03]} 2. e3 {[%clk 0:03:04]} c5
{[%clk 0:02:59]} 3. d4 {[%clk 0:03:03]} Nc6 {[%clk 0:02:55]} 4. c3
{[%clk 0:03:02]} Bf5 {[%clk 0:02:50]} 5. Bb5 {[%clk 0:02:39]} a6 {[%clk 0:02:21]}
6. Bxc6+ {[%clk 0:02:38]} bxc6 {[%clk 0:02:22]} 7. dxc5 {[%clk 0:02:38]} Nf6
{[%clk 0:02:13]} 8. Nbd2 {[%clk 0:02:24]} Qc7 {[%clk 0:02:14]} 9. Nd4
{[%clk 0:02:07]} Bd7 {[%clk 0:02:08]} 10. c4 {[%clk 0:02:00]} e5 {[%clk 0:02:05]}
11. N4b3 {[%clk 0:01:55]} Be7 {[%clk 0:02:03]} 12. O-O {[%clk 0:01:52]} O-O
{[%clk 0:02:03]} 13. cxd5 {[%clk 0:01:29]} cxd5 {[%clk 0:02:04]} 14. h3
{[%clk 0:01:23]} a5 {[%clk 0:02:02]} 15. a4 {[%clk 0:01:23]} Rfb8
{[%clk 0:02:03]} 16. Re1 {[%clk 0:01:22]} Rb4 {[%clk 0:02:03]} 17. e4
{[%clk 0:00:30]} dxe4 {[%clk 0:01:55]} 18. Qc2 {[%clk 0:00:14]} Bxa4
{[%clk 0:01:55]} 19. Ra3 {[%clk 0:00:13]} Rab8 {[%clk 0:01:52]} 20. Rxa4
{[%clk 0:00:11]} Rxa4 {[%clk 0:01:52]} 21. c6 {[%clk 0:00:08]} h6
{[%clk 0:01:48]} 22. Nc5 {[%clk 0:00:06]} Bxc5 {[%clk 0:01:28]} 23. Qxa4
{[%clk 0:00:07]} Rb4 {[%clk 0:01:27]} 24. Qc2 {[%clk 0:00:08]} Qxc6
{[%clk 0:01:26]} 25. Nf1 {[%clk 0:00:05]} Rc4 {[%clk 0:01:22]} 26. Qe2
{[%clk 0:00:06]} Bxf2+ {[%clk 0:01:19]} 27. Qxf2 {[%clk 0:00:04]} Rxc1
{[%clk 0:01:19]} 28. Rxc1 {[%clk 0:00:05]} Qxc1 {[%clk 0:01:20]} 29. Qa7
{[%clk 0:00:06]} Qxb2 {[%clk 0:01:08]} 30. Qxa5 {[%clk 0:00:07]} Qd4+
{[%clk 0:01:08]} 31. Kh2 {[%clk 0:00:08]} e3 {[%clk 0:01:06]} 32. Qb5
{[%clk 0:00:06]} Qf4+ {[%clk 0:01:04]} 33. Kh1 {[%clk 0:00:06]} Ne4
{[%clk 0:01:01]} 34. Kg1 {[%clk 0:00:03]} Qf2+ {[%clk 0:01:01]} 35. Kh2
{[%clk 0:00:04]} e2 {[%clk 0:00:56]} 36. Qe8+ {[%clk 0:00:03]} Kh7
{[%clk 0:00:57]} 37. Qxe5 0-1

[Event "Blitz 2018"]
[Site "Saint-Petersburg"]
[Date "2018.12.29"]
[Round "8"]
[Board "34"]
[White "Amin Bassem (EGY)"]
[Black "Khanin Semen (RUS)"]
[Result "1/2-1/2"]
[LiveChessVersion "1.4.8"]
[BlackElo "2564"]
[WhiteElo "2659"]

1. Nf3 {[%clk 0:03:03]} Nf6 {[%clk 0:03:03]} 2. g3 {[%clk 0:03:04]} g6
{[%clk 0:03:04]} 3. Bg2 {[%clk 0:03:05]} Bg7 {[%clk 0:03:04]} 4. O-O
{[%clk 0:03:05]} O-O {[%clk 0:03:04]} 5. d3 {[%clk 0:03:06]} d5 {[%clk 0:03:00]}
6. Nbd2 {[%clk 0:03:05]} b6 {[%clk 0:02:54]} 7. e4 {[%clk 0:03:06]} dxe4
{[%clk 0:02:52]} 8. dxe4 {[%clk 0:03:03]} Bb7 {[%clk 0:02:53]} 9. e5
{[%clk 0:02:56]} Nd5 {[%clk 0:02:38]} 10. Re1 {[%clk 0:02:53]} c5
{[%clk 0:02:29]} 11. e6 {[%clk 0:02:52]} f5 {[%clk 0:02:24]} 12. Ng5
{[%clk 0:02:45]} Qc7 {[%clk 0:02:09]} 13. Nc4 {[%clk 0:02:35]} Nb4
{[%clk 0:01:41]} 14. Bf4 {[%clk 0:02:31]} Qc8 {[%clk 0:01:42]} 15. c3
{[%clk 0:02:09]} Bxg2 {[%clk 0:01:42]} 16. Kxg2 {[%clk 0:02:10]} Qb7+
{[%clk 0:01:28]} 17. Kg1 {[%clk 0:01:55]} Nd5 {[%clk 0:01:28]} 18. Qf3
{[%clk 0:01:51]} Qc6 {[%clk 0:00:58]} 19. Bxb8 {[%clk 0:01:51]} Raxb8
{[%clk 0:00:55]} 20. Rad1 {[%clk 0:01:40]} h6 {[%clk 0:00:50]} 21. Qxd5
{[%clk 0:01:18]} Qxd5 {[%clk 0:00:50]} 22. Rxd5 {[%clk 0:01:19]} hxg5
{[%clk 0:00:50]} 23. Rd7 {[%clk 0:01:20]} Bf6 {[%clk 0:00:51]} 24. Rxa7
{[%clk 0:01:20]} Rfd8 {[%clk 0:00:49]} 25. a4 {[%clk 0:01:21]} b5
{[%clk 0:00:44]} 26. axb5 {[%clk 0:01:12]} Rxb5 {[%clk 0:00:45]} 27. Rea1
{[%clk 0:01:09]} Kg7 {[%clk 0:00:44]} 28. Rd7 {[%clk 0:01:04]} Rc8
{[%clk 0:00:30]} 29. Ra6 {[%clk 0:00:58]} Rbb8 {[%clk 0:00:24]} 30. Kg2
{[%clk 0:00:56]} Ra8 {[%clk 0:00:24]} 31. Rxa8 {[%clk 0:00:52]} Rxa8
{[%clk 0:00:25]} 32. Rc7 {[%clk 0:00:52]} Ra6 {[%clk 0:00:23]} 33. Rxc5
{[%clk 0:00:52]} Rxe6 {[%clk 0:00:24]} 34. Ne3 {[%clk 0:00:49]} Ra6
{[%clk 0:00:17]} 35. b4 {[%clk 0:00:46]} Ra2 {[%clk 0:00:18]} 36. b5
{[%clk 0:00:44]} Rb2 {[%clk 0:00:12]} 37. Nd5 {[%clk 0:00:40]} Be5
{[%clk 0:00:11]} 38. b6 {[%clk 0:00:21]} e6 {[%clk 0:00:10]} 39. Nb4
{[%clk 0:00:13]} Bxc3 {[%clk 0:00:07]} 40. Nd3 {[%clk 0:00:08]} Rb3
{[%clk 0:00:07]} 41. Rc7+ {[%clk 0:00:06]} Kf6 {[%clk 0:00:08]} 42. Nc5
{[%clk 0:00:06]} Rb2 {[%clk 0:00:07]} 43. Nd7+ {[%clk 0:00:06]} Ke7
{[%clk 0:00:08]} 44. Nb8+ {[%clk 0:00:07]} Kd6 {[%clk 0:00:08]} 45. Rxc3
{[%clk 0:00:07]} Rxb6 {[%clk 0:00:08]} 46. Rd3+ {[%clk 0:00:08]} Ke5
{[%clk 0:00:04]} 47. Nd7+ {[%clk 0:00:09]} 1/2-1/2

[Event "Blitz 2018"]
[Site "Saint-Petersburg"]
[Date "2018.12.29"]
[Round "8"]
[Board "36"]
[White "Zvjaginsev Vadim (RUS)"]
[Black "Demidov Mikhail (RUS)"]
[Result "0-1"]
[LiveChessVersion "1.4.8"]
[BlackElo "2546"]
[WhiteElo "2649"]

1. c4 {[%clk 0:03:03]} e5 {[%clk 0:03:03]} 2. g3 {[%clk 0:03:04]} Nc6
{[%clk 0:03:04]} 3. Bg2 {[%clk 0:03:05]} Bc5 {[%clk 0:03:06]} 4. e3 a6 5. Ne2 d6
6. Nbc3 {[%clk 0:03:04]} Ba7 {[%clk 0:03:10]} 7. h3 {[%clk 0:03:02]} Nf6
{[%clk 0:03:11]} 8. d4 {[%clk 0:03:01]} O-O {[%clk 0:03:11]} 9. O-O
{[%clk 0:02:59]} exd4 {[%clk 0:03:09]} 10. Nxd4 {[%clk 0:02:55]} Nxd4
{[%clk 0:03:03]} 11. exd4 {[%clk 0:02:55]} Rb8 {[%clk 0:03:04]} 12. a4
{[%clk 0:02:51]} Re8 {[%clk 0:03:01]} 13. Qd3 {[%clk 0:02:46]} Bd7
{[%clk 0:02:39]} 14. Bd2 {[%clk 0:02:40]} Qc8 {[%clk 0:02:35]} 15. Kh2
{[%clk 0:02:37]} Bf5 {[%clk 0:02:36]} 16. Qf3 {[%clk 0:02:31]} Bxd4
{[%clk 0:02:34]} 17. Rfe1 {[%clk 0:02:25]} Bg6 {[%clk 0:02:05]} 18. Rxe8+
{[%clk 0:02:18]} Qxe8 {[%clk 0:02:07]} 19. Re1 {[%clk 0:02:19]} Qd7
{[%clk 0:02:08]} 20. a5 {[%clk 0:02:07]} c6 {[%clk 0:02:04]} 21. Bf4
{[%clk 0:01:51]} Nh5 {[%clk 0:01:17]} 22. Rd1 {[%clk 0:01:29]} Nxf4
{[%clk 0:00:59]} 23. Qxf4 {[%clk 0:01:29]} c5 {[%clk 0:00:33]} 24. Re1
{[%clk 0:01:13]} Be5 {[%clk 0:00:18]} 25. Qd2 {[%clk 0:01:11]} Bxc3
{[%clk 0:00:13]} 26. Qxc3 {[%clk 0:01:05]} Bf5 {[%clk 0:00:08]} 27. b3
{[%clk 0:00:39]} Be6 {[%clk 0:00:09]} 28. Rd1 {[%clk 0:00:38]} Qc7
{[%clk 0:00:09]} 29. h4 {[%clk 0:00:30]} b5 {[%clk 0:00:07]} 30. axb6
{[%clk 0:00:29]} Qxb6 {[%clk 0:00:06]} 31. Rd3 {[%clk 0:00:28]} Qc7
{[%clk 0:00:03]} 32. Qd2 {[%clk 0:00:28]} Rb6 {[%clk 0:00:05]} 33. Re3
{[%clk 0:00:24]} h6 {[%clk 0:00:05]} 34. Bd5 {[%clk 0:00:24]} Qd7
{[%clk 0:00:05]} 35. Qd3 {[%clk 0:00:21]} Bxd5 {[%clk 0:00:04]} 36. Qxd5
{[%clk 0:00:22]} Rb8 {[%clk 0:00:06]} 37. Rd3 {[%clk 0:00:22]} Rd8
{[%clk 0:00:07]} 38. Kg2 {[%clk 0:00:23]} Qc7 {[%clk 0:00:07]} 39. Kg1
{[%clk 0:00:24]} Rd7 {[%clk 0:00:07]} 40. Kg2 {[%clk 0:00:25]} g6
{[%clk 0:00:07]} 41. h5 {[%clk 0:00:26]} g5 {[%clk 0:00:09]} 42. Kg1
{[%clk 0:00:26]} Kg7 {[%clk 0:00:10]} 43. Kg2 {[%clk 0:00:27]} Qd8
{[%clk 0:00:11]} 44. Re3 {[%clk 0:00:27]} Qf6 {[%clk 0:00:12]} 45. Rf3
{[%clk 0:00:27]} Qe6 {[%clk 0:00:13]} 46. Rd3 {[%clk 0:00:20]} Qxd5+
{[%clk 0:00:14]} 47. Rxd5 {[%clk 0:00:21]} Kf6 {[%clk 0:00:16]} 48. f4
{[%clk 0:00:20]} g4 {[%clk 0:00:16]} 49. Kf2 {[%clk 0:00:18]} Ke6
{[%clk 0:00:17]} 50. Ke3 {[%clk 0:00:18]} f5 {[%clk 0:00:18]} 51. Kd2
{[%clk 0:00:17]} Ra7 {[%clk 0:00:15]} 52. Kc3 {[%clk 0:00:17]} a5
{[%clk 0:00:16]} 53. Rd1 {[%clk 0:00:18]} Kd7 {[%clk 0:00:15]} 54. Ra1
{[%clk 0:00:18]} Kc6 {[%clk 0:00:15]} 55. Re1 {[%clk 0:00:18]} Kd7
{[%clk 0:00:14]} 56. Ra1 {[%clk 0:00:19]} Ra8 {[%clk 0:00:15]} 57. Ra2
{[%clk 0:00:20]} Re8 {[%clk 0:00:14]} 58. Kd3 {[%clk 0:00:21]} Re1
{[%clk 0:00:15]} 59. Rxa5 {[%clk 0:00:22]} Rg1 {[%clk 0:00:15]} 60. Ra7+
{[%clk 0:00:23]} Ke6 {[%clk 0:00:13]} 61. Rh7 {[%clk 0:00:24]} Rxg3+
{[%clk 0:00:14]} 62. Ke2 {[%clk 0:00:26]} Rxb3 {[%clk 0:00:13]} 63. Rxh6+
{[%clk 0:00:28]} Kf7 {[%clk 0:00:14]} 64. Rh7+ {[%clk 0:00:28]} Kg8
{[%clk 0:00:13]} 65. Rd7 {[%clk 0:00:28]} Rc3 {[%clk 0:00:10]} 66. Rd8+
{[%clk 0:00:22]} Kg7 {[%clk 0:00:11]} 67. Rd7+ {[%clk 0:00:23]} Kh6
{[%clk 0:00:10]} 68. Rxd6+ {[%clk 0:00:24]} Kxh5 {[%clk 0:00:11]} 69. Rd5
{[%clk 0:00:22]} Rxc4 {[%clk 0:00:08]} 70. Rxf5+ {[%clk 0:00:23]} Kh4
{[%clk 0:00:09]} 71. Rf8 {[%clk 0:00:19]} Kg3 {[%clk 0:00:07]} 72. Ke3
{[%clk 0:00:20]} Rc1 {[%clk 0:00:06]} 73. Ke2 {[%clk 0:00:13]} Rc4
{[%clk 0:00:05]} 74. Ke3 {[%clk 0:00:14]} Rc3+ {[%clk 0:00:06]} 75. Ke4
{[%clk 0:00:15]} Rf3 {[%clk 0:00:07]} 76. f5 {[%clk 0:00:16]} c4 {[%clk 0:00:08]}
77. Rc8 {[%clk 0:00:16]} c3 {[%clk 0:00:10]} 78. Ke5 {[%clk 0:00:16]} Kf2
{[%clk 0:00:10]} 79. f6 {[%clk 0:00:15]} g3 {[%clk 0:00:11]} 0-1

[Event "Blitz 2018"]
[Site "Saint-Petersburg"]
[Date "2018.12.29"]
[Round "8"]
[Board "37"]
[White "Salem A.R. Saleh (UAE)"]
[Black "Drygalov Sergey (RUS)"]
[Result "0-1"]
[LiveChessVersion "1.4.8"]
[BlackElo "2428"]
[WhiteElo "2645"]

1. d4 {[%clk 0:03:03]} d5 {[%clk 0:03:04]} 2. c4 {[%clk 0:03:04]} c6
{[%clk 0:03:05]} 3. Nf3 {[%clk 0:03:05]} Nf6 {[%clk 0:03:06]} 4. Nc3
{[%clk 0:03:07]} e6 {[%clk 0:03:08]} 5. Bg5 {[%clk 0:03:07]} h6 {[%clk 0:03:09]}
6. Bh4 {[%clk 0:03:09]} dxc4 {[%clk 0:03:07]} 7. e4 {[%clk 0:03:10]} g5
{[%clk 0:03:08]} 8. Bg3 b5 9. Be2 {[%clk 0:03:12]} Bb7 {[%clk 0:03:11]} 10. e5
{[%clk 0:03:12]} Nd5 {[%clk 0:03:04]} 11. O-O {[%clk 0:03:12]} Nd7
{[%clk 0:02:43]} 12. Nd2 {[%clk 0:03:11]} Nxc3 {[%clk 0:02:20]} 13. bxc3
{[%clk 0:03:12]} c5 {[%clk 0:02:21]} 14. Rb1 {[%clk 0:03:14]} cxd4
{[%clk 0:02:02]} 15. cxd4 {[%clk 0:03:14]} Nb6 {[%clk 0:01:41]} 16. Rxb5
{[%clk 0:03:01]} Qxd4 {[%clk 0:01:35]} 17. Nxc4 {[%clk 0:02:26]} Qxd1
{[%clk 0:01:16]} 18. Rxd1 {[%clk 0:02:26]} Ba6 {[%clk 0:00:57]} 19. Na5
{[%clk 0:00:09]} Bg7 {[%clk 0:00:38]} 20. Rb2 {[%clk 0:00:09]} Bxe2
{[%clk 0:00:33]} 21. Rxe2 {[%clk 0:00:10]} Rc8 {[%clk 0:00:25]} 22. Nb7
{[%clk 0:00:11]} O-O {[%clk 0:00:22]} 23. h4 {[%clk 0:00:12]} Nd5
{[%clk 0:00:22]} 24. hxg5 {[%clk 0:00:12]} Nc3 {[%clk 0:00:20]} 25. Rde1
{[%clk 0:00:10]} Nxe2+ {[%clk 0:00:19]} 26. Rxe2 {[%clk 0:00:11]} hxg5
{[%clk 0:00:20]} 27. f3 {[%clk 0:00:05]} Kh7 {[%clk 0:00:21]} 28. Bf2
{[%clk 0:00:05]} Kg6 {[%clk 0:00:21]} 29. g4 {[%clk 0:00:06]} Rc7
{[%clk 0:00:11]} 30. Nd6 {[%clk 0:00:06]} Rd8 {[%clk 0:00:12]} 31. Bg3
{[%clk 0:00:04]} a6 {[%clk 0:00:11]} 32. Kg2 {[%clk 0:00:05]} Rb8
{[%clk 0:00:12]} 33. Bf2 {[%clk 0:00:06]} Rb1 {[%clk 0:00:09]} 34. Bg3
{[%clk 0:00:05]} Rcc1 {[%clk 0:00:08]} 35. Bf2 {[%clk 0:00:05]} Rd1
{[%clk 0:00:10]} 36. Nc4 {[%clk 0:00:05]} Rbc1 {[%clk 0:00:07]} 37. Nb6
{[%clk 0:00:04]} Rc6 {[%clk 0:00:06]} 38. Na4 {[%clk 0:00:04]} Rc7
{[%clk 0:00:07]} 39. Nb6 {[%clk 0:00:05]} Rc6 {[%clk 0:00:08]} 40. Na4
{[%clk 0:00:06]} Rc8 {[%clk 0:00:09]} 41. Nb6 {[%clk 0:00:08]} Rcd8
{[%clk 0:00:10]} 42. Nc4 {[%clk 0:00:09]} R8d3 {[%clk 0:00:11]} 43. Bg3
{[%clk 0:00:07]} Rd4 {[%clk 0:00:11]} 44. Rc2 {[%clk 0:00:07]} Bf8
{[%clk 0:00:08]} 45. Bf2 {[%clk 0:00:08]} Rd8 {[%clk 0:00:09]} 46. Nb6
{[%clk 0:00:05]} R1d2 {[%clk 0:00:09]} 47. Rxd2 {[%clk 0:00:04]} Rxd2
{[%clk 0:00:11]} 48. Nd7 {[%clk 0:00:03]} Rxd7 {[%clk 0:00:11]} 0-1